| 000 | 01219nam a2200301 i 4500 | ||
|---|---|---|---|
| 001 | 105487 | ||
| 003 | ES-MaACL | ||
| 005 | 20240118221948.0 | ||
| 007 | t| | ||
| 008 | 060719s1963 fr a |||| | spa d | ||
| 080 | _a338(46)"1961/..." | ||
| 080 | _a308(46)"1961/..." | ||
| 245 | 0 | 0 |
_aEspaña hoy / _cpresentación y montaje de Ignacio Fernández de Castro, José Martínez ; con la colaboración de Jordi Blanc, Héctor Cattolica, Antonio Pérez ; cubierta de Antonio Saura. |
| 260 |
_a[Paris] : _bRuedo Ibérico, _c[1963] ( _eTorino : _fTip. Toso) |
||
| 300 |
_aVIII, 499 p., lám. : _bil. ; _c22 cm. |
||
| 651 | 4 |
_aEspaña- _xHistoria- _y1939-1975, Dictadura. _9167928 |
|
| 651 | 4 |
_aEspaña- _xSituación económica- _y1955-1975. _9171815 |
|
| 651 | 4 |
_aEspaña- _xSituación social- _y1955-1975. _9172436 |
|
| 700 | 1 |
_aFernández de Castro, Ignacio. _949639 |
|
| 700 | 1 |
_aMartínez, José, _d1921-1986 _977761 |
|
| 700 | 1 |
_aBlanc, Jordi. _929110 |
|
| 700 | 1 |
_aCattolica, Héctor. _937088 |
|
| 700 | 1 |
_aPérez, Antonio. _990556 |
|
| 700 | 1 |
_aSaura, Antonio. _9103994 |
|
| 710 | 2 |
_aÉditions Ruedo ibérico. _9145333 |
|
| 852 |
_aES-MaACL _jAND-282 _z- Biblioteca Juan Andrade |
||
| 999 |
_c105487 _d105487 |
||